000
00263nam a22001097a 4500
082
_a
621.3192 DES'B
100
_a
DESSER, CHARLES A ,KUH, ERNEST S
_9
57449
245
_a
BASIC CIRCUITS THEORY
260
_a
TOKYO
_b
MCGRAW HILL
_c
1969
300
_a
876P
942
_c
BK
999
_c
567728
_d
567728